| 000 | 00451nam a2200157 a 4500 | ||
|---|---|---|---|
| 005 | 20140414132111.0 | ||
| 008 | 110512s19uu xx 00 eng d | ||
| 020 | _a9780778738282 | ||
| 050 |
_aM 614 _bT66 2008 |
||
| 100 | _aTownsend, John, 1955- | ||
| 245 |
_aBone detectives / _c/ John Townsend. |
||
| 260 |
_aNew York : _bCrabtree Pub. Co., _cc2008. |
||
| 440 | _aCSI | ||
| 650 |
_aForensic anthropology _xJuvenile literature. _x |
||
| 999 |
_c114738 _d114738 |
||